Insurance valuations for buildings, machinery and plant in the United Kingdom (Record no. 97127)

MARC details
000 -LEADER
fixed length control field 00555cam a2200217 4500
001 - CONTROL NUMBER
control field D6129
008 - FIXED-LENGTH DATA ELEMENTS--GENERAL INFORMATION
fixed length control field 090401t1983 xxu||||| |||| 00| 0 eng d
035 ## - SYSTEM CONTROL NUMBER
System control number (Sirsi) u86282
041 ## - LANGUAGE CODE
Language code of text/sound track or separate title eng
050 ## - LIBRARY OF CONGRESS CALL NUMBER
Classification number 333.3321
100 ## - MAIN ENTRY--PERSONAL NAME
Personal name Hickmott, G.J.R. (ed)
245 ## - TITLE STATEMENT
Title Insurance valuations for buildings, machinery and plant in the United Kingdom
250 ## - EDITION STATEMENT
Edition statement 2nd
260 ## - PUBLICATION, DISTRIBUTION, ETC.
Place of publication, distribution, etc. London
Name of publisher, distributor, etc. John Foord & Co
Date of publication, distribution, etc. 1983
300 ## - PHYSICAL DESCRIPTION
Extent 22p. 21cm
350 ## - PRICE (NR) (BK AM CF MU VM SE) [OBSOLETE]
Price 0
520 ## - SUMMARY, ETC.
Summary, etc. Cover title
710 ## - ADDED ENTRY--CORPORATE NAME
Corporate name or jurisdiction name as entry element John Foord & Co
9 (RLIN) 2804
942 ## - ADDED ENTRY ELEMENTS (KOHA)
Suppress in OPAC 0
948 ## - LOCAL PROCESSING INFORMATION (OCLC); SERIES PART DESIGNATOR (RLIN)
c (OCLC) 04/03/1997
Holdings
Withdrawn status Lost status Source of classification or shelving scheme Damaged status Not for loan Home library Current library Shelving location Date acquired Total Checkouts Full call number Barcode Date last seen Date last checked out Copy number Price effective from Koha item type
    Dewey Decimal Classification     London London Books 14/09/1999 13 333.3321 JOH 30002693 06/08/2019 13/05/2003 1 06/08/2019 Book